Ensayos Greudianos

में बचाया:
ग्रंथसूची विवरण
मुख्य लेखक: Marín, Juan
स्वरूप: पुस्तक
भाषा:स्पेनिश
प्रकाशित: Santiago. Zig - Zag. 1938.
विषय:
टैग: टैग जोड़ें
कोई टैग नहीं, इस रिकॉर्ड को टैग करने वाले पहले व्यक्ति बनें!

MARC

LEADER 00000nam a22000005a 4500
001 20621
003 CL-ChBUA
005 20120815103753.0
008 070301s1938 cl 000 0 spa
040 |a CL-ChBUA  |c CL-ChBUA 
082 0 0 |a 150.195 
090 |c 20621  |d 20621 
100 1 |a Marín, Juan. 
245 1 0 |a Ensayos Greudianos 
260 |b Zig - Zag.  |a Santiago.  |c 1938. 
300 |a 267 p.  |c 21 cm. 
650 4 |a PSICOLOGÍA. 
942 |c LIB 
952 |0 0  |1 0  |4 0  |7 0  |9 28048  |a UNACH  |b UNACH  |c 100  |d 2007-03-05  |i 39.406.  |l 0  |o 150.195 204 / M 337.  |p 29047  |r 2013-11-14 00:00:00  |u 28048  |w 2012-08-08  |y LIB  |k 150.195 204 / M 337. 
999 |c 20621  |d 20621